000 00837nam a2200277Ia 4500
003 OSt
005 20220925224907.0
006 a|||||r|||| 00| 0
007 ta
008 220923b |||||||| |||| 00| 0 eng d
020 _a0415009375
037 _cGeneral Book
040 _aRTL
_cRTL
_beng
041 _2eng
_aeng
082 _aY15-49:(Z).3.N9, N1
100 _aMorris Anne E
_9291641
245 0 _aWorking women and the law
_b Equalilty and discrimination in theory and pratice
260 _aLondon
_bRoutledge Publications
_c1991
300 _axviii,237p
_ccm.
500 _aBibliography:p228-232
650 _a Sociology
650 _aWorking Women
700 _a Nott Susan M
_9291642
942 _hY15-49:(Z).3.N9, N1
_cGB
_2CC
999 _c582493
_d582493